La Constelación de la Serpiente.

Gardado en:
Detalles Bibliográficos
Autor Principal: Calderón, Lila (autora)
Outros autores: Cárdenas, Sara (ilustraciones)
Formato: Libro
Idioma:Lingua castelá
Publicado: [Santiago, Chile]: Ediciones del Gato; Ediciones on Demand, 2017.
Edición:Primera edición.
Subjects:
Tags: Engadir etiqueta
Sen Etiquetas, Sexa o primeiro en etiquetar este rexistro!

MARC

LEADER 00000nam a22000007a 4500
003 CL-VaPUC
005 20250407202449.0
008 250317t2017 ||||| |||| 00| 0 spa d
999 |c 447379  |d 447377 
020 |a 978-956-368-610-4 
040 |c Pontificia Universidad Católica de Valparaíso 
082 |2 22  |a Ch863.5 CAL 2017 
100 |9 345573  |a Calderón, Lila  |e autora 
245 |a La Constelación de la Serpiente. 
250 |a Primera edición. 
260 |a [Santiago, Chile]:  |b Ediciones del Gato;  |b Ediciones on Demand,  |c 2017. 
300 |a 109 páginas:  |b ilustraciones. 
500 |a c.1: Instituto Arcos. 08-01-2025 
583 |c 20250317  |k Yessy Sthefany Diaz Vidal 
650 0 |9 265425  |a Novelas chilenas   |x Animales, aventuras, etc.  |y Siglo 21 
700 |9 896930  |a Cárdenas, Sara  |e ilustraciones 
942 |2 ddc  |c BK  |n 0 
952 |0 0  |1 0  |2 ddc  |4 0  |6 CH_863_500000000000000_CAL_2017  |7 0  |8 A  |9 601343  |a BIBINC  |b BIBINC  |d 2025-03-17  |e Instituto Arcos  |i 5666233  |o Ch863.5 CAL 2017  |p 5666233  |r 2025-03-17  |t 1  |w 2025-03-17  |y BK  |k IFP